00459nam a22001457a 4500020001800000082003100018100002000049245003400069260003900103300000800142650001400150942000700164952012500171999001700296 a9780415278317 a300 DURb978-0-415-27831-7 aDurkheim, Emile aSuicide: A Study in Sociology aNew YorkbRoutledge Classicsc2002 a374 aSociology cBK 00104070aHMIbHMId2017-07-04eamzoneg760.00l3o300 DUR p25297q2026-02-24r2026-02-10s2026-02-10w2026-01-16yBK c20510d20510